000 00878nam a2200253 a 4500
001 50991
003 BD-RjUL
005 20211209075608.0
008 160829s1977 ii a b 001 0 eng
020 _cRs30.00 ($8.00 U.S.)
035 _a(BD-RjUL)51111
040 _aDLC
_cDLC
_dBD-RjUL
_beng
041 _aeng
082 0 0 _a361.954
_223
_bJAI 1977
100 1 _aJagannadham, Vedula
_9152577
245 1 0 _aIntegrated delivery system for social services /
_cV. Jagannadham, Mohit Bhattacharya
260 _aNew Delhi :
_bIndian Institute of Public Administration,
_cc1977
300 _aviii, 85 p. :
_bill. ;
_c22 cm.
504 _aIncludes bibliographical references and index.
650 0 _aSocial service
_zIndia
_zLudhiana.
_9152578
650 0 _aCommunity development
_zIndia
_zLudhiana.
_9152579
700 1 _aBhattacharya, Mohit,
_ejoint author.
_9152580
942 _2ddc
_cBK
999 _c50991
_d50991